| 000 | 00507nam a2200181 a 4500 | ||
|---|---|---|---|
| 001 | 0300 | ||
| 005 | 20140414131942.0 | ||
| 008 | 040909s19uu xx 00 eng d | ||
| 020 | _a1-86504-131-9 | ||
| 050 |
_aTR 372.5 _bI1 1999 |
||
| 245 |
_aIn space with lucky / _cillustrated by Vicky Kitanov. |
||
| 260 |
_aAustalia : _bScholastic Australia, _c1999. |
||
| 300 | _a32 p. : ill. ; cm. | ||
| 650 |
_aCreative activities _xJuvenile literature. |
||
| 999 |
_c112610 _d112610 |
||